| 000 | 00722nam a2200229Ii 4500 | ||
|---|---|---|---|
| 003 | JO-AjNU | ||
| 008 | 230605s9999||||xx |||||||||||||| ||und|| | ||
| 017 | _a2003/10839 | ||
| 020 | _a977-300-043-5 | ||
| 040 |
_aJO-AjNU _bara _erda _cJO-AjNU |
||
| 041 | _aara | ||
| 050 | 1 | 4 | _aPJ6620.I27.2003 |
| 100 | 3 |
_aتأليف العلامة ابن منطور, _eauthor _911418 |
|
| 245 | 0 | 0 | _aلسان العرب |
| 250 | _aطبعة مراجعة ومصححة | ||
| 264 | 3 | 1 | _aالقاهرة: دار الحديث، 2003 |
| 300 | _aمج9،ج9، 477ص | ||
| 336 |
_atext _btxt _2rdacontent |
||
| 337 |
_aunmediated _bn _2rdamedia |
||
| 338 |
_avolume _bnc _2rdacarrier |
||
| 650 | 4 |
_aاللغة العربية -- معاجم _911419 |
|
| 999 |
_aA2316 _c5884 _d5884 |
||